| 000 -LEADER |
| fixed length control field |
00751nam a22002177a 4500 |
| 003 - CONTROL NUMBER IDENTIFIER |
| control field |
OSt |
| 005 - DATE AND TIME OF LATEST TRANSACTION |
| control field |
20260123084704.0 |
| 008 - FIXED-LENGTH DATA ELEMENTS--GENERAL INFORMATION |
| fixed length control field |
230703b ||||| |||| 00| 0 eng d |
| 040 ## - CATALOGING SOURCE |
| Transcribing agency |
SSBUL |
| 041 ## - LANGUAGE CODE |
| Language code of text/sound track or separate title |
Shan |
| 082 ## - DEWEY DECIMAL CLASSIFICATION NUMBER |
| Edition number |
23 |
| Classification number |
959.195919 |
| 100 0# - MAIN ENTRY--PERSONAL NAME |
| Personal name |
မိူင်းၶမ်း(ၶိူဝ်းသၢင်) မိူင်းဝၼ်း။ |
| 245 10 - TITLE STATEMENT |
| Title |
ပိုၼ်းတႆးမၢဝ်ႇဢၢႆႈလူင် / |
| Statement of responsibility, etc. |
မိူင်းၶမ်း(ၶိူဝ်းသၢင်)။ |
| 260 ## - PUBLICATION, DISTRIBUTION, ETC. |
| Date of publication, distribution, etc. |
2001 ။ |
| 300 ## - PHYSICAL DESCRIPTION |
| Extent |
ၺ၊ 164 ၼႃႈ၊ |
| Dimensions |
20 ၸိၼ်ႇတီႇ။ |
| 500 ## - GENERAL NOTE |
| General note |
S-SAT: Dr. Prof Sai Aung Tun |
| 650 ## - SUBJECT ADDED ENTRY--TOPICAL TERM |
| Topical term or geographic name entry element |
ပိုၼ်းတႆး |
| 942 ## - ADDED ENTRY ELEMENTS (KOHA) |
| Koha item type |
Books (Long term) |
| 100 0# - MAIN ENTRY--PERSONAL NAME |
| 9 (RLIN) |
27207 |
| 650 ## - SUBJECT ADDED ENTRY--TOPICAL TERM |
| 9 (RLIN) |
20580 |
|
| Source of classification or shelving scheme |
|
|
| Source of classification or shelving scheme |
|